000 00496nam a2200193Ia 4500
003 OSt
005 20221007083151.0
006 a|||||r|||| 00| 0
007 ta
008 221006b |||||||| |||| 00| 0 eng d
024 _a22,924
037 _cDissertations
040 _aFLL
_cFLL
_beng
041 _2eng
_aeng
100 _aJai Poonam
_9700398
245 0 _aDevelopment of bail law in India in post - Maneka period
942 _cDIS
_2CC
999 _c1169066
_d1169066